Quản trị nguồn nhân lực

Sparad:
Bibliografiska uppgifter
Huvudupphovsman: Trần Kim Dung
Materialtyp: Bok
Språk:Vietnamese
Publicerad: ĐHQG.HCM 2000
Taggar: Lägg till en tagg
Inga taggar, Lägg till första taggen!
Thư viện lưu trữ: Mạng thư viện Đại học Đà Nẵng
LEADER 00622nam a2200277 4500
001 000026925
003 969
005 20150325120000.0
008 150325s vm 000 vie
020 |c 10,0000 
040 |a NOTTS 
100 |a Trần Kim Dung 
245 |a Quản trị nguồn nhân lực 
260 |b ĐHQG.HCM  |c 2000 
300 |a 109tr. ; 
OWN |a LTT 
999 |a From the UDN01 
TYP |a Monograph 
TYP |a Printed language 
980 |a Mạng thư viện Đại học Đà Nẵng